000 00554nam a2200169 a 4500
001 ASIN0273020641
005 20150430112747.0
008 150430s1985 xxu eng d
020 _a0273020641 (paperback)
020 _a9780273020646 (paperback)
100 1 _aMullins, Elaine.
245 1 0 _aInformation processing - student's book /
_cElaine Mullins.
260 _a[S.l.] :
_bPitmans,
_c1985.
300 _a1 v. (unpaged) ;
_c25 cm.
500 _aImport.
856 4 0 _3Amazon.com
_uhttp://www.amazon.com/exec/obidos/ASIN/0273020641/chopaconline-20
999 _c13398
_d13398